ការគ្រប់គ្រងសត្វព្រៃ (Record no. 9214)

000 -LEADER
fixed length control field 00285nam a22001217a 4500
040 ## - CATALOGING SOURCE
Transcribing agency SK
082 ## - DEWEY DECIMAL CLASSIFICATION NUMBER
Classification number 352
100 ## - MAIN ENTRY--AUTHOR NAME
Personal name លិ វុឌ្ឍី
245 ## - TITLE STATEMENT
Title ការគ្រប់គ្រងសត្វព្រៃ
260 ## - PUBLICATION, DISTRIBUTION, ETC. (IMPRINT)
Place of publication RUA
Name of publisher លិ
Year of publication 2007
300 ## - PHYSICAL DESCRIPTION
Number of Pages 69p.
942 ## - ADDED ENTRY ELEMENTS (KOHA)
Koha item type សៀវភៅភាសាខ្មែរ
952 ## - LOCATION AND ITEM INFORMATION (KOHA)
Withdrawn status [LOCAL, KOHA] 0
952 ## - LOCATION AND ITEM INFORMATION (KOHA)
Withdrawn status [LOCAL, KOHA] 0
Holdings
Permanent Location Date acquired Koha item type Lost status Shelving location Barcode Current Location Full call number
Library Block C2016-08-26សៀវភៅភាសាខ្មែរ C191RUA44827Library Block C352 លិ 2007 C191
Library Block C2016-08-26សៀវភៅភាសាខ្មែរ C041RUA043067Library Block C352 ហួត 2006 C041
មជ្ឈមណ្ឌលឯការនៃសាកលវិទ្យាល័យភូមិន្ទកសិកម្មចំការដូង

Powered by Koha